Solidarita a ekvivalence v sociálních systémech

Sociálne systémy vyspelých krajín Európy. Kríza a nutnosť zmien sociálneho systému. Ozdravenie verejných financií. Zdroje efektívneho ekonomického rozvoja postmodernej spoločnosti. Ekonomický vývoj a sociálna súdržnosť.

Na minha lista:
Detalhes bibliográficos
Autor principal: Krebs, Vojtěch
Formato: Capítulo de Livro
Idioma:tcheco
Assuntos:
Tags: Adicionar Tag
Sem tags, seja o primeiro a adicionar uma tag!

MARC

LEADER 00000nla$a2200000$$$4500
001 0126934
005 20220317120324.2
041 0 |a cze 
044 |a CZ 
245 1 0 |a Solidarita a ekvivalence v sociálních systémech  |c Vojtěch Krebs 
520 |a Sociálne systémy vyspelých krajín Európy. Kríza a nutnosť zmien sociálneho systému. Ozdravenie verejných financií. Zdroje efektívneho ekonomického rozvoja postmodernej spoločnosti. Ekonomický vývoj a sociálna súdržnosť. 
610 2 0 |a Európska únia 
610 2 0 |a Česko 
610 2 0 |a politika sociálna 
610 2 0 |a nástroje politiky sociálnej 
610 2 0 |a financie verejné 
610 2 0 |a riadenie sociálno-ekonomické 
610 2 0 |a systémy sociálne 
610 2 0 |a solidarita 
610 2 0 |a reformy sociálne 
100 1 |a Krebs, Vojtěch